000 01145nam2a2200253 4500
001 RU\NLR\bibl\1885927
005 20260408063825.0
035 _a(NLR Aleph) 002067764
090 _a4723083
_c4723083
100 _a20120330d2009 |||y0rusy50 ca
101 0 _arus
102 _aRU
105 _aa |||||||||
200 0 _a[Вып.] 1
210 _d2009
_aБ. м.
215 _a71, [4] с., [12] л. ил., цв. ил.
_cил., портр.
320 _aБиблиогр. в подстроч. примеч.
461 0 _1001RU\NLR\bibl\1887796
_12001#$aСвияжские чтения$v[Вып.] 1
_94723192
_cСвияжск
_d2009
_nиздательский отдел Раифского Богородицкого монастыря
_oсборник докладов конференции
_tСвияжские чтения
_v[Вып.] 1
711 1 2 _a"Свияжские чтения", научно-богословская конференция
_f2009
_3RU\NLR\AUTH\8810209195
_9305724
801 0 _aRU
_bNLR
_c20120330
_gRCR
801 1 _aRU
_bNLR
_c20120330
942 _cBOOK
980 _aNB